| 000 | 00987nam a22003017a 4500 | ||
|---|---|---|---|
| 003 | CHAP | ||
| 005 | 20220329134122.0 | ||
| 008 | 971013s1968 r 00010 d | ||
| 010 | _a15664 | ||
| 011 | _a16636 | ||
| 035 | _a20718 | ||
| 040 | _cCHAP | ||
| 090 | _aFolleto 6051 | ||
| 100 | 0 | 0 |
_aBesnier Romero, Fernando. _912033 |
| 245 | _aVariedades de hortalizas para la industria | ||
| 260 |
_aMadrid : _bMinisterio de Agricultura, _c1968 |
||
| 300 |
_a16 p. _b: ilus. |
||
| 490 |
_aMadrid. Ministerio de Agricultura. Hojas divulgadoras _v; 1-68 |
||
| 590 |
_aBATCH-UPD _b10 _c20130110 _lUCH01 _h0039 |
||
| 590 |
_aBATCH-UPD _b10 _c20130110 _lUCH01 _h1341 |
||
| 590 |
_aCONVERSION _b10 _c20130109 _lUCH01 _h1310 |
||
| 650 | 1 | 4 |
_aLegumbres _xProcesado. _965775 |
| 650 | 1 | 4 |
_aLegumbres _xVariedades. _965795 |
| 830 | 0 |
_aMadrid. Ministerio de Agricultura. Hojas divulgadoras _v; 1-68 _969716 |
|
| 901 | _aBK | ||
| 942 | _cFOLL | ||
| 949 |
_aFolleto 6051 _bBC _cFOLL _d-48292 _eTS1 _i20718 _mD _si |
||
| 999 |
_c15664 _d15664 |
||